Todos os acessos do Brasileirão Série C para a Série B - Statistics

Estatísticas Gerais
  • Esse quiz foi jogado 28 vezes
    3 desde o último reset
  • A pontuação média é 34 de 71
Estatísticas das Respostas
Quantidades de Acessos Estado Quantidades de Títulos Clube % Correto
3 PR 0 Londrina
100%
5 RN 1 ABC
67%
1 AM 1 Amazonas
67%
2 MG 1 América-MG
67%
2 RN 0 América-RN
67%
3 GO 2 Atlético-GO
67%
1 SC 1 Avaí
67%
1 BA 0 Bahia
67%
1 RS 0 Brasil de Pelotas
67%
1 DF 1 Brasiliense
67%
1 SC 0 Chapecoense
67%
1 SE 0 Confiança
67%
2 AL 0 CRB
67%
3 SC 1 Cricíuma
67%
1 AL 1 CSA
67%
1 MT 0 Cuiabá
67%
2 SP 0 Ferroviária
67%
1 RJ 1 Fluminense
67%
1 CE 0 Fortaleza
67%
2 DF 0 Gama
67%
1 SP 1 GE Novorizontino
67%
1 SP 0 Grêmio Novorizontino
67%
2 SP 0 Guarani
67%
2 CE 0 Icasa
67%
2 SC 1 Joinville
67%
2 RS 0 Juventude
67%
2 PE 1 Náutico
67%
3 PA 0 Paysandu
67%
1 SP 1 Ponte Preta
67%
2 SP 1 RB Bragantino
67%
3 PA 1 Remo
67%
4 MA 1 Sampaio Corrêa
67%
1 PE 1 Santa Cruz
67%
1 SP 0 São Bernardo
67%
1 PA 1 Tuna Luso
67%
5 GO 3 Vila Nova
67%
2 BA 0 Vitória
67%
1 AL 0 ASA
33%
1 MG 0 Athletic Club
33%
2 MG 1 Boa Esporte
33%
3 SP 0 Botafogo-SP
33%
2 SC 0 Brusque
33%
1 PB 0 Campinense
33%
1 RJ 0 Duque de Caxias
33%
1 SP 0 Grêmio Barueri
33%
1 SP 0 Guaratinguetá
33%
2 MG 0 Ipatinga
33%
2 SP 2 Ituano
33%
1 SP 0 Juventus-SP
33%
1 MT 0 Luverdense
33%
1 RJ 1 Macaé
33%
1 SP 1 Mirassol
33%
2 SP 0 Mogi Mirim
33%
1 SP 1 Oeste
33%
2 PR 1 Operário-PR
33%
1 SP 0 Santo André
33%
1 SP 0 São Bento
33%
1 SP 0 São Caetano
33%
1 AM 0 São Raimundo-AM
33%
1 MG 0 Tombense
33%
1 MG 0 Tupi-MG
33%
1 SP 1 União Barbarense
33%
1 SP 1 União São João
33%
2 RJ 1 Volta Redonda
33%
1 SP 1 XV de Piracicaba
33%
1 MG 0 Esportivo de Passos
0%
1 BA 0 Fluminense de Feira
0%
1 CE 0 Guarany de Sobral
0%
1 SP 0 Marília
0%
1 SP 1 Paulista
0%
1 PE 0 Salgueiro
0%
Nenhum quiz correspondente encontrado
Distribuição das Pontuações
Porcentagem de Pessoas com Cada Pontuação
Percentil de Números Respondidos
Sua Pontuação Histórica
Você não jogou esse quiz desde o último reset